000 00798nas a2200253 4500
001 BR9206394
003 BR-BrBNA
005 20231205092919.0
007 ta
008 230509b bl.|||p| |||| 00| 00por d
040 _aBR-BrBNA
_bpor
_cBiblioteca Nacional de Agricultura
041 _a(Pt)
072 _aL73
100 1 _aOcampo, E.M.
100 1 _aCoelho, P.M.Z.
100 1 _aLima, W. dos S.
100 1 _aNogueira, R.H.G.
245 1 _aSchistosoma mansoni; infeccao experimental em suinos (Sus scrofa)
650 _aSUÍNO
650 _aESQUISTOSSOMOSE
773 0 _tArquivos da Escola de Veterinaria da Universidade Federal de Minas Gerais (Brazil)
_xISSN 0365-8384
_g(Dec 1981), v. 33(3) p. 467-470
_wBR9206394
909 _a202311
_bLúcia
_c55
_dLúcia Elande
942 _2AGRIS
_n0
_cANA
999 _c135079
_d135079